000 00455cam a2200181ua 4500
020 _c335.00
041 _aeng
_h
082 _a346.048
_bACH/TE
100 _aAcharya, N.K .
245 _aText book on intellectual property rights /
_cN.K Acharya.
_hTextual Documents
250 _a4 /
_b.
260 _aHyderabad :
_bAsia Law House ,
_c2007.
300 _a362 ; .
365 _a335.00
504 _a
942 _cBK
999 _c13558
_d13558